| 000 | 00855nam a2200253Ia 4500 | ||
|---|---|---|---|
| 003 | OSt | ||
| 005 | 20220923224712.0 | ||
| 006 | a|||||r|||| 00| 0 | ||
| 007 | ta | ||
| 008 | 220922b |||||||| |||| 00| 0 hin d | ||
| 024 | _a248,924 | ||
| 037 | _cTextual | ||
| 040 |
_aARTS _cARTS _bhin |
||
| 041 |
_2hin _ahin |
||
| 082 | _aO1,1:g, 152M6 | ||
| 100 | _aमिश्र, राम प्रसाद | ||
| 245 | 0 | _aविश्व के सर्वश्रेष्ठ महाकाव्य | |
| 246 | _aVishva ke sarvashreṣhṭha hinākāvya | ||
| 260 |
_aदिल्ली _b पल्लव प्रकाशन _c1986 |
||
| 300 |
_a184पृ. _ccm. |
||
| 650 | _aविश्व साहित्य | ||
| 942 |
_hO1,1:g, 152M6 _cTEXL _2CC |
||
| 999 |
_c373075 _d373075 |
||